| 000 | 01033nam a2200265Ia 4500 | ||
|---|---|---|---|
| 003 | OSt | ||
| 005 | 20221005111803.0 | ||
| 006 | a|||||r|||| 00| 0 | ||
| 007 | ta | ||
| 008 | 221004b |||||||| |||| 00| 0 hin d | ||
| 024 | _a29840 | ||
| 037 | _cTextual | ||
| 040 |
_aCRL _cCRL _bhin |
||
| 041 |
_2hin _ahin |
||
| 082 | _aR6947x6,1,1, N6 | ||
| 100 |
_aश्रीनिवासशास़्ित्रणा, संपा. _9624239 |
||
| 245 | 0 | _aन्यायबिन्दुटीका आयार्यधर्मोत्तरविचरिता | |
| 246 | _aNyāyabinduṭīkā āyāryadharmottaravicharitā | ||
| 260 |
_aमेरठ _bसाहित्य भण्डार भारत _c1996 |
||
| 300 |
_a369पृ. _ccm. |
||
| 650 | _a न्याय-दर्शन | ||
| 650 | _aदर्शनशास्त्र | ||
| 942 |
_hR6947x6,1,1, N6 _cTEXL _2cc |
||
| 999 |
_c1022897 _d1022897 |
||